<?xml version="1.0" encoding="UTF-8"?>
<record
    xmlns:xsi="http://www.w3.org/2001/XMLSchema-instance"
    xsi:schemaLocation="http://www.loc.gov/MARC21/slim http://www.loc.gov/standards/marcxml/schema/MARC21slim.xsd"
    xmlns="http://www.loc.gov/MARC21/slim">

  <leader>00938nam a2200217Ia 4500</leader>
  <controlfield tag="003">OSt</controlfield>
  <controlfield tag="005">20250923104547.0</controlfield>
  <controlfield tag="008">210719s2001    xx            000 0 und d</controlfield>
  <datafield tag="040" ind1=" " ind2=" ">
    <subfield code="c">AL</subfield>
  </datafield>
  <datafield tag="041" ind1=" " ind2=" ">
    <subfield code="a">Kannada</subfield>
  </datafield>
  <datafield tag="082" ind1=" " ind2=" ">
    <subfield code="a">T894.2 EKAS</subfield>
  </datafield>
  <datafield tag="100" ind1=" " ind2=" ">
    <subfield code="a">EKANANDA MASTAR (K)</subfield>
    <subfield code="d">&#xC8F;&#xC95;&#xCBE;&#xCA8;&#xC82;&#xCA6; &#xCAE;&#xCBE;&#xCB8;&#xCCD;&#xCA4;&#xCB0;&#xCCD; (&#xC95;&#xCC6;)</subfield>
    <subfield code="9">240056</subfield>
  </datafield>
  <datafield tag="245" ind1=" " ind2=" ">
    <subfield code="a">Shala makkaligagi rachisida samajika, aitihasika mattu pauranika kannada natakagalu</subfield>
    <subfield code="b">&#xCB6;&#xCBE;&#xCB2;&#xCBE; &#xCAE;&#xC95;&#xCCD;&#xC95;&#xCB3;&#xCBF;&#xC97;&#xCBE;&#xC97;&#xCBF; &#xCB0;&#xC9A;&#xCBF;&#xCB8;&#xCBF;&#xCA6; &#xCB8;&#xCBE;&#xCAE;&#xCBE;&#xC9C;&#xCBF;&#xC95;, &#xC90;&#xCA4;&#xCBF;&#xCB9;&#xCBE;&#xCB8;&#xCBF;&#xC95; &#xCAE;&#xCA4;&#xCCD;&#xCA4;&#xCC1;  &#xCAA;&#xCCC;&#xCB0;&#xCBE;&#xCA3;&#xCBF;&#xC95; &#xC95;&#xCA8;&#xCCD;&#xCA8;&#xCA1; &#xCA8;&#xCBE;&#xC9F;&#xC95;&#xC97;&#xCB3;&#xCC1;</subfield>
  </datafield>
  <datafield tag="260" ind1=" " ind2=" ">
    <subfield code="a">Mangaluru</subfield>
    <subfield code="b">Ramya Prakashana.</subfield>
    <subfield code="c">2001</subfield>
  </datafield>
  <datafield tag="300" ind1=" " ind2=" ">
    <subfield code="a">1--12,1-10,1-8,1-12,1-9</subfield>
    <subfield code="b">PB</subfield>
  </datafield>
  <datafield tag="365" ind1=" " ind2=" ">
    <subfield code="b">18</subfield>
    <subfield code="c">Rs</subfield>
  </datafield>
  <datafield tag="650" ind1=" " ind2=" ">
    <subfield code="a">Tulu Drama</subfield>
    <subfield code="9">240057</subfield>
  </datafield>
  <datafield tag="650" ind1=" " ind2=" ">
    <subfield code="a">Tulu Drama</subfield>
    <subfield code="9">240057</subfield>
  </datafield>
  <datafield tag="906" ind1=" " ind2=" ">
    <subfield code="a">aitihasika ; kannada ; makkaligagi ; mattu ; natakagalu ; pauranika ; rachisida ; samajika, ; Shala</subfield>
  </datafield>
  <datafield tag="942" ind1=" " ind2=" ">
    <subfield code="2">ddc</subfield>
    <subfield code="c">BK</subfield>
  </datafield>
  <datafield tag="999" ind1=" " ind2=" ">
    <subfield code="c">214773</subfield>
    <subfield code="d">214773</subfield>
  </datafield>
  <datafield tag="952" ind1=" " ind2=" ">
    <subfield code="0">0</subfield>
    <subfield code="1">0</subfield>
    <subfield code="2">ddc</subfield>
    <subfield code="4">0</subfield>
    <subfield code="7">0</subfield>
    <subfield code="8">Tulu</subfield>
    <subfield code="a">AL</subfield>
    <subfield code="b">AL</subfield>
    <subfield code="c">SSS</subfield>
    <subfield code="d">2008-05-30</subfield>
    <subfield code="g">18.00</subfield>
    <subfield code="l">0</subfield>
    <subfield code="o">T894.2 EKAS</subfield>
    <subfield code="p">D03387</subfield>
    <subfield code="r">2021-07-19 00:00:00</subfield>
    <subfield code="w">2021-07-19</subfield>
    <subfield code="y">DB</subfield>
    <subfield code="z">Donated by Dr Mahalinga Bhat</subfield>
  </datafield>
</record>
